Mỹ thuật căn bản và nâng cao vẽ phác họa chân dung

שמור ב:
מידע ביבליוגרפי
מחבר ראשי: Gia Bảo
פורמט: ספר
יצא לאור: H. Mỹ thuật 2005
נושאים:
תגים: הוספת תג
אין תגיות, היה/י הראשונ/ה לתייג את הרשומה!
Thư viện lưu trữ: Trung tâm Học liệu Lê Vũ Hùng, Trường Đại học Đồng Tháp
LEADER 00666pam a22002178a 4500
001 00019222
005 20171026081022.0
008 110506s2005 ||||||Viesd
041 0 # |a Vie 
082 1 4 |a 743.4  |b M600T 
100 0 # |a Gia Bảo 
245 0 0 |a Mỹ thuật căn bản và nâng cao vẽ phác họa chân dung  |c Gia Bảo 
260 # # |a H.  |b Mỹ thuật  |c 2005 
300 # # |a 42 tr.  |c 27 cm. 
650 # 4 |a Vẽ phác họa 
653 # # |a Chân dung 
653 # # |a Mỹ thuật 
852 # # |b Kho đọc  |j KD.0005246 
852 # # |j KD.0005246 
910 |d 06/05/2011 
980 # # |a Trung tâm Học liệu Lê Vũ Hùng, Trường Đại học Đồng Tháp